Dobrú noc, psíček

Bibliographic Details
Other Authors: Worrall, Linda (Illuminator)
Format: Book
Language:Slovak
PhysicalDescription:[12] s. 16x13 cm
Published: Bratislava Mladé letá c1996
ISBN:8006009503
Series:Pod vankúšik
Subjects:

MARC

LEADER 00000nam a2200000 a 4500
001 vtls001376685
003 SK-MaSNL
005 20260331204409.0
008 251113s1996 xo r 0 slo
015 |a SNBG2000/02-00410 
020 |a 8006009503 
035 |a SNK000330620 
040 |a SNK  |b slo  |c SNK  |e AACR2 
041 0 |a slo 
044 |a xo  |c SK 
080 |a 087.5(084)  |2 1981 
100 1 |a Worrall, Linda  |4 ilu  |9 47800 
245 1 |a Dobrú noc, psíček  |h grafika  |c ilustrovala Linda Worrallová 
260 |a Bratislava  |b Mladé letá  |c c1996 
300 |a [12] s.  |c 16x13 cm 
490 1 |a Pod vankúšik 
650 0 7 |a leporelá  |2 SNK  |9 284032 
830 0 |a Pod vankúšik  |9 283917 
919 |a 80-06-00950-3 
958 |a GKH 
958 |a TL 
958 |a DB 
999 |c 980418  |d 982348 
952 |t P60, <03>, [BOOK], {603}  |a SNK  |b SNK  |y PREZ  |7 0  |p 17A0216599  |o snkSD 70456  |i snkKSP 11154/99  |0 0  |1 0  |4 0  |d 1999-11-12  |l 0  |r 2005-01-02 00:00:00  |w 2026-02-24 
952 |t P60, <06>, [BOOK], {606}  |a SNK  |b SNK  |y PREZ  |7 0  |p 17A0216600  |o snkSD 70456 D1  |i snkKSP 11155/99  |0 0  |1 0  |4 0  |d 1999-11-12  |l 0  |r 2005-01-02 00:00:00  |w 2026-02-24